000 00923nam a22002537a 4500
003 BD-DhSAU
005 20211003160836.0
008 210929b |||||||| |||| 00| 0 eng d
040 _aBD-DhSAU
082 _222
_a635
_bR1141
100 _aRABU, RABEYA AKTER
_eRegistration No.:# 17-08250
245 _aResponse of seed priming and vermicompost on germination, growth and yield of okra /
_bMs Thesis
260 _aSher-e-bangla Agricultural University Dhaka 1207;
_bDepartment of Horticulture;
_c2018;
300 _aviii;
_b73p.;
_c30cm.;
500 _aIncluding Index.;
590 _anazmul
600 _qseed priming
610 _avermicompost on germination
650 _aokra
700 _aProf. Md. Ruhul Amin
_eSupervisor
710 _aProf. Dr. Mohammad Humayun Kabir
_eCo-Supervisor
856 _yOnline Access
_uhttp://archive.saulibrary.edu.bd:8080/xmlui/handle/123456789/3489
942 _2ddc
_cTHESIS
999 _c15498
_d15497